Elements of physical chemistry / (Record no. 101829)
[ view plain ]
| 000 -LEADER | |
|---|---|
| fixed length control field | 01075nam a22002777a 4500 |
| 005 - DATE AND TIME OF LATEST TRANSACTION | |
| control field | 20170502144345.0 |
| 010 ## - LCCN (DPL NO) | |
| LC control number | 1617EN ENG-116939 |
| 020 ## - INTERNATIONAL STANDARD BOOK NUMBER | |
| Terms of availability | 515.00 |
| International Standard Book Number | 9780198737940 |
| 035 ## - SYSTEM CONTROL NUMBER | |
| System control number | B-651470-480 |
| 035 ## - SYSTEM CONTROL NUMBER | |
| System control number | B-666226 |
| 035 ## - SYSTEM CONTROL NUMBER | |
| System control number | EN-100471 |
| 037 ## - SOURCE OF ACQUISITION | |
| Source of stock number/acquisition | Pragati |
| Stock number | dpl |
| 082 ## - DEWEY DECIMAL CLASSIFICATION NUMBER | |
| Classification number | 541 |
| 100 ## - MAIN ENTRY--PERSONAL NAME | |
| Personal name | Atkins, Peter |
| 245 ## - TITLE STATEMENT | |
| Title | Elements of physical chemistry / |
| Statement of responsibility, etc | by Peter Atkins, Julio de Paula [and] David Smith |
| 250 ## - EDITION STATEMENT | |
| Edition statement | 6th ed. |
| 260 ## - PUBLICATION, DISTRIBUTION, ETC. (IMPRINT) | |
| Place of publication, distribution, etc | New Delhi |
| Name of publisher, distributor, etc | Oxford University Press |
| Date of publication, distribution, etc | 2016 |
| 270 ## - ADDRESS | |
| Address | YMCA Library Building, 1, Jai Singh Road, |
| City | New Delhi |
| Postal code | 110001 |
| 300 ## - PHYSICAL DESCRIPTION | |
| Extent | xix,591p. : |
| Dimensions | 27cm(pbk) |
| Other physical details | illus. |
| 500 ## - GENERAL NOTE | |
| General note | Includes index |
| 700 ## - ADDED ENTRY--PERSONAL NAME | |
| Personal name | Paula, Julio de |
| 700 ## - ADDED ENTRY--PERSONAL NAME | |
| Personal name | Smith, David. |
| 942 ## - ADDED ENTRY ELEMENTS (KOHA) | |
| Source of classification or shelving scheme | Dewey Decimal Classification |
| Item type | English Books |
| Classification part | 541 |
| Call number suffix | ATK |
| Withdrawn status | Lost status | Not for loan | Collection code | Home library | Current library | Date acquired | Source of acquisition | Cost, normal purchase price | Full call number | Barcode | Copy number | Cost, replacement price | Koha item type |
|---|---|---|---|---|---|---|---|---|---|---|---|---|---|
| Non-fiction | Ashok Vihar | Ashok Vihar | 02/05/2017 | BPPD/EN/2016-17/AV/2016-17/466/15.2.2017/569/28.2.2017/ 10.3.2017 | 515.00 | 541 ATK | B-666226 | 1 | 515.00 | English Books | |||
| Non-fiction | Bawana | Bawana | 08/02/2017 | BPPD/EN/2016-17/300/24.11.2016/IN339/2.12.2016/4.1.2017 | 515.00 | 541 ATK | B-651476 | 1 | 515.00 | English Books | |||
| Non-fiction | Bawana | Bawana | 08/02/2017 | BPPD/EN/2016-17/300/24.11.2016/IN339/2.12.2016/4.1.2017 | 515.00 | 541 ATK | B-651478 | 1 | 515.00 | English Books | |||
| Non-fiction | Central Library | Central Library | 08/02/2017 | BPPD/EN/2016-17/300/24.11.2016/IN339/2.12.2016/4.1.2017 | 515.00 | 541 ATK | B-651470 | 1 | 515.00 | English Books | |||
| Not For Loan | Non-fiction | D.B.Act.Division | D.B.Act.Division | 27/12/2016 | DBAD/PUB | 515.00 | 541 PAU | EN-100471 | 1 | 515.00 | English Books | ||
| Non-fiction | Janak Puri | Janak Puri | 08/02/2017 | BPPD/EN/2016-17/300/24.11.2016/IN339/2.12.2016/4.1.2017 | 515.00 | 541 ATK | B-651473 | 1 | 515.00 | English Books | |||
| Non-fiction | Narela | Narela | 08/02/2017 | BPPD/EN/2016-17/300/24.11.2016/IN339/2.12.2016/4.1.2017 | 515.00 | 541 ATK | B-651477 | 1 | 515.00 | English Books | |||
| Non-fiction | New Police Line | New Police Line | 08/02/2017 | BPPD/EN/2016-17/300/24.11.2016/IN339/2.12.2016/4.1.2017 | 515.00 | 541 ATK | B-651471 | 1 | 515.00 | English Books | |||
| Non-fiction | Patel Nagar | Patel Nagar | 08/02/2017 | BPPD/EN/2016-17/300/24.11.2016/IN339/2.12.2016/4.1.2017 | 515.00 | 541 ATK | B-651472 | 1 | 515.00 | English Books | |||
| Non-fiction | Sarojini Nagar | Sarojini Nagar | 08/02/2017 | BPPD/EN/2016-17/300/24.11.2016/IN339/2.12.2016/4.1.2017 | 515.00 | 541 ATK | B-651474 | 1 | 515.00 | English Books | |||
| Non-fiction | Shahdara Branch | Shahdara Branch | 08/02/2017 | BPPD/EN/2016-17/300/24.11.2016/IN339/2.12.2016/4.1.2017 | 515.00 | 541 ATK | B-651479 | 1 | 515.00 | English Books | |||
| Non-fiction | Sriniwas Puri | Sriniwas Puri | 08/02/2017 | BPPD/EN/2016-17/300/24.11.2016/IN339/2.12.2016/4.1.2017 | 515.00 | 541 ATK | B-651475 | 1 | 515.00 | English Books | |||
| Non-fiction | Yojana Vihar | Yojana Vihar | 08/02/2017 | BPPD/EN/2016-17/300/24.11.2016/IN339/2.12.2016/4.1.2017 | 515.00 | 541 ATK | B-651480 | 1 | 515.00 | English Books |
